000 00428nam a2200157Ia 4500
008 230917s9999||||xx |||||||||||||| ||und||
040 _e115428
_aMAIN
041 _aEnglish
082 _a515.35 F95D
100 _aPenney , Edwards
245 0 _aDifferential equations and boundary value problem; computing and modeling
250 _a3rd ed.
260 _aDelhi
_bPearson education
_c2005
300 _a801p p.
942 _cBK
999 _c142293
_d142293